Democracia y discriminación.

Uloženo v:
Podrobná bibliografie
Hlavní autor: Salazar Carrión, Luis (autor)
Médium: Kniha
Jazyk:španělština
Edice:(Cuadernos de igualdad ; no. 5)
Témata:
Tagy: Přidat tag
Žádné tagy, Buďte první, kdo vytvoří štítek k tomuto záznamu!

MARC

LEADER 00000nam^a2200000^u^4500
001 000497527
005 20250521000000.0
008 070410s1000^^^^^^^^^^^^r^^^^^000^0^spa^d
009 20260310125637.574
022 |a 9709833162 
035 |a FCE 000041291 
037 |a Acervo ITESO - Biblioteca 
041 |a spa 
082 0 4 |a 305.072  |b C.I. 5 
100 |a Salazar Carrión, Luis  |e (autor) 
245 1 0 |a Democracia y discriminación. 
264 |a México :  |b CONAPRED,  |c c2005. 
300 |a 71 p. 
336 |a texto  |b txt  |2 rdacontenido 
337 |a sin mediación  |b n  |2 rdamedio 
338 |a volumen  |b nc  |2 rdasoporte 
440 1 |a (Cuadernos de igualdad ; no. 5) 
649 |a XX 
650 |a Democracia 
650 |a Ensayo 
650 |a Discriminación 
650 |a México 
910 |a Fondo Centro de Estudios Educativos 
920 |a Impresos - Libros 
930 |a Fondos Especiales 
905 |a 133 
901 |a ALE048280  |b IT2  |c CEE  |u 20250521 
902 |a https://opac.biblio.iteso.mx/vufind/Record/000497527